02507nam a22002297a 450000500170000000800410001702000180005804000070007604100120008308200230009510000270011824500480014525000120019326000530020530000280025836500620028652016970034865000470204594200120209299900190210495201540212320250618151103.0250618b |||||||| |||| 00| 0 eng d a9781138615533 cAL aEnglish 223a808.0428bBAIA aStephen Bailey9215344 aAcademic writingb: a handbook for students a5th ed. aLondonbRoutledge Taylor and Francis Groupc2018 axxx,312p.bHBc24x16cm. 2Generala1456b₹239.00c₹d₹299.00e20%f17/06/2025 aNow in its fifth edition, Academic Writing helps international students succeed in writing essays and reports for their English-language academic courses. Thoroughly revised and updated, it is designed to let teachers and students easily find the topics they need, both in the classroom and for self-study.The book consists of five parts:The Writing Process Elements of Writing.Language Issues.Vocabulary for Writing.Writing Models.The first part explains and practises every stage of essay writing, from choosing the best sources, reading and note-making, through to referencing and proofreading. The four remaining parts, organised alphabetically, can be taught in conjunction with the first part or used on a remedial basis. A progress check at the end of each part allows students to assess their learning. All units are fully cross-referenced, and a complete set of answers to the practice exercises is included.New topics in this edition include Writing in Groups, Written British and American English, and Writing Letters and Emails. In addition, the new interactive website has a full set of teaching notes as well as more challenging exercises, revision material and links to other sources. Additional features of the book include:Models provided for writing tasks such as case studies and essays Use of authentic academic texts from a wide range of disciplines.Designed for self-study as well as classroom use Useful at both undergraduate and postgraduate level.Glossary to explain technical terms, plus index.Written to deal with the specific language issues faced by international students, this practical, user-friendly book is an invaluable guide to academic writing in English. 2English LanguageaAcademic Writing9215347 2ddccBK c234485d234485 00102ddc40708MAJMCaSACPGbSACPGd2025-06-17eBiblios Book Pointg239.00l0o808.0428 BAIApPG025012r2025-06-18 14:44:54v299.00w0000-00-00yBK